Digital electronics logic and systems

Since the publication of the Second, the need for new or increased information in several subject areas has becom apparent. The most notable of these are: Boolean algebra with Karnaugh mapping New logic symbol are specified in International Logic Standards. Interface standards for the reception and...

Πλήρης περιγραφή

Αποθηκεύτηκε σε:
Λεπτομέρειες βιβλιογραφικής εγγραφής
Κύριος συγγραφέας: Kershaw, John D.
Μορφή: Βιβλίο
Γλώσσα:Vietnamese
Έκδοση: Boston PWS-Kent Publishing Company 1988
Έκδοση:3rd ed
Θέματα:
Ετικέτες: Προσθήκη ετικέτας
Δεν υπάρχουν, Καταχωρήστε ετικέτα πρώτοι!
Thư viện lưu trữ: Thư viện Trường Đại học Nam Cần Thơ
LEADER 01144nam a22002057a 4500
001 NCT_148933
008 230417b xxu||||| |||| 00| 0 vie d
999 |c 7676  |d 7676 
020 |c sách tặng 
082 0 4 |2 23rd ed.  |a 621.381  |b K534 
100 1 |a Kershaw, John D. 
245 1 0 |a Digital electronics logic and systems  |c John D. Kershaw 
250 |a 3rd ed 
260 |a Boston  |b PWS-Kent Publishing Company  |c 1988 
300 |a 746 p.  |b ill.  |c 24cm 
520 3 |a Since the publication of the Second, the need for new or increased information in several subject areas has becom apparent. The most notable of these are: Boolean algebra with Karnaugh mapping New logic symbol are specified in International Logic Standards. Interface standards for the reception and transmission of digital date between electronic terminals.Standards such as RS232C, RS422A, and RS423A. High-speed CMOS logic circuits. 
653 |a Y Đa khoa 
942 |2 ddc  |c BK 
952 |0 0  |1 0  |2 ddc  |4 0  |6 621_381000000000000_K534  |7 0  |9 27532  |a 000001  |b 000001  |d 2023-04-17  |o 621.381 K534  |p MD.21739  |r 2023-04-17  |w 2023-04-17  |y BK 
980 |a Thư viện Trường Đại học Nam Cần Thơ